000 00582nam a22002177a 4500
001 BD-DhSAU 1644
003 BD-DhSAU
005 20150118155508.0
008 150118b1990 -usa||||r|||| 001 0 eng d
020 _a0314568840
040 _aBD-DhSAU
082 _222
_a519.5
_bDEI
100 _aDevore, Jay.
245 _aIntroductory statistics /
_cJay Devore and Roxy Peak.
260 _aNew York :
_bWest Publishing Company ;
_cc1990.
300 _axiii, 545 p. :
_bill. ;
_c28 cm.
504 _aIncludes index.
590 _ajoy
650 _aStatistics.
700 _aPeak, Roxy.
942 _2ddc
_cBOOK
999 _c1644
_d1644